000 00933nam a2200301Ia 4500
001 453
003 IT-RoPAU
008 130308s9999 xx 000 0 und d
040 _aIT-RoPAU
040 _cIT-RoPAU
041 _aITALIANO
100 _aSelvin Hanan C.
100 _gCodice Aut. SPICS: 1363
245 _a"Aspetti metodologici del ""suicide"""
245 _bAnalisi Empirica nelle Scienze Sociali (L')-2-L'Analisi Empirica della Causalita'
250 _a1a ed.
260 _aBOLOGNA
260 _bIl Mulino
260 _c1969 [1° Ed.:1969 - Ed.Ling.Originale:1958]
300 _a"22 p. (prefazione: no ; testo: 22 [pagine: 385-406])"
500 _aAnalisi Multivariata Ripetizione e Significatività Statistica Ripetizione e paradosso Ecologico Descrizione dei Gruppi
650 _aSOCIOLOGIA
650 _eCodice materia Spics: 3651
942 _cBK
957 _71
999 _c42475
_d42475
999 _bSI
999 _g1